Statistics for National Parks & Monuments of Washington with Map

Click here to take the quiz!

General Stats

  • This quiz has been taken 34 times
  • The average score is 8 of 16

Answers on the Map

Answers color-coded by a green-red scale on the quiz's map according to % correct below.
Loading ...
 

Answer Stats

SiteAnswer% Correct
National ParkMount Rainier
97%
National ParkOlympic
97%
National ParkNorth Cascades
90%
National Historical ParkSan Juan Island
83%
National Monument (BLM)San Juan Islands
83%
National Monument (USFS)Mount St. Helens Volcanic
70%
National Historic SiteFort Vancouver
47%
National Historic SiteWhitman Mission
33%
National Recreation AreaLake Chelan
30%
National Monument (FWS, DOE)Hanford Reach
27%
National Recreation AreaRoss Lake
27%
National Recreation AreaLake Roosevelt
23%
National Historical ParkLewis and Clark
23%
National Historical ReserveEbey's Landing
20%
National Historical ParkKlondike Gold Rush
17%
National Historical ParkManhattan Project
10%

Score Distribution

Percentile by Number Answered

Percent of People with Each Score

Your Score History

You have not taken this quiz